000 00295nam a22001337a 4500
008 170803b xxu||||| |||| 00| 0 eng d
020 _a9781568303185
041 _aeng
080 _a004
100 _a32
101 _aSHKI
245 _aADOBE PAGEMAKER SCRIPTING
_cHANSEN, H
942 _2udc
_cBK
999 _c22643
_d22643